000 01565nam a2200337 i 4500
001 180902
003 ES-MaACL
005 20250817152142.0
008 120821s2008 sp ac |||| | spa d
020 _a978-84-7812-689-7
080 _a821.134.2-14"19"
080 _a821.134.2 Unamuno, Miguel de 7 Cristo de Velázquez.07
100 1 _aUnamuno, Miguel de,
_d1864-1936
_9111982
245 1 3 _aEl Cristo de Velázquez /
_cMiguel de Unamuno ; ilustraciones de Santiago Serrano ; edición al cuidado de Mario Hernández.
260 _aMadrid :
_bÁrea de Gobierno de las Artes,
_c2008 (
_fImp. Artesanal del Ayuntamiento de Madrid)
300 _a166 p. :
_bil. ;
_c22 cm +
_e1 libro anejo (125 p.)
504 _aBibliografía: p. 117-123 (libro anejo)
505 8 _aLibro anejo contiene: El Cristo de Velázquez: creación y creencia / Christopher Maurer (125 p., [1] de lám., il.)
600 1 4 _aUnamuno, Miguel de,
_d1864-1936
_9111982
700 1 _aSerrano, Santiago.
_9105717
700 1 _aHernández, Mario,
_d1945-
_9151331
700 1 _aMaurer, Christopher,
_d1949-
_979238
710 1 _aMadrid.
_bÁrea de las Artes.
_95569
710 2 _aImprenta Artesanal del Ayuntamiento de Madrid
_9151333
740 3 2 _aEl Cristo de Velázquez: creación y creencia.
852 _aES-MaACL
_9187781
_bR.145756
_jA-12182
_cDEPO1
_dOlim: N-5187
852 _aES-MaACL
_9200568
_bR.145757
_jA-12183
_dOlim: N-5188
_cDEPO1
_zDedicatoria autógrafa del autor
903 _aMaurer, Christopher,
_d1949-
_ednr
_979238
942 _2udc
999 _c180902
_d180902